000 01019nam0a22002771 4500
001 rc\2370234
005 20260407070337.0
035 _a(NLR Aleph) 006686957
090 _a5121713
_c5121713
100 _a20110829d1976 |||y0rusy50 ca
101 0 _arus
102 _aRU
105 _aa z |||a|
200 1 _aВ березовой роще
_eРассказы
_e[Для мл. возраста]
_fСост. В.А. Гакина
_gРис. Г. Никольского
210 _aМосква
_cДет. лит.
_d1976
215 _a48 с.
_cцв. ил.
_d27
606 _aПрирода (д. л.)
_2rkp
702 1 _4440
_aНикольский
_bГ.Е.
_cхудожник-анималист
_f1906-1973
_gГеоргий Евлампиевич
_3RU\NLR\AUTH\770147315
_9147279
702 1 _aГакина
_bВ.А.
_gВера Александровна
_4220
801 0 _aRU
_bNLR
_gpsbo
801 1 _aRU
_bELAR
_2rusmarc
852 _aNLR
_j76-8/1588
899 _aRuMoRGB
_jМ 76-9/219
942 _cBOOK
980 _aNB